Fundamental Paper Education Characters - Statistics

General Stats
  • This quiz has been taken 62 times
  • The average score is 26 of 40
Answer Stats
Picture Answer % Correct
Oliver
96%
Zip
96%
Abbie
89%
Engel
89%
Alice
86%
Claire
86%
Edward
86%
Miss Circle
86%
Bubble
82%
Lana
82%
Miss Bloomie
82%
Kevin
79%
Cubbie
75%
Lizzy
75%
Petunia
75%
Skell
71%
Miss Grace
68%
Miss Sasha
68%
Miss Thavel
68%
Riley
68%
Miss Emily
64%
Mister Demi
64%
Robby
64%
Ruby
64%
Biscuit
61%
Vivian
61%
Connor
57%
Sofia
57%
Fen
54%
Agetha
50%
Aiden
50%
Xister
46%
Daniel
43%
Crazie
39%
Miller
39%
Nameless Werewolf
39%
Anova
36%
Baphomet
29%
Lu-me-ii
29%
Skary
29%
No matching quizzes found
Score Distribution
Percent of People with Each Score
Percentile by Number Answered
Your Score History
You have not taken this quiz